Lewis Carrol's "Through a looking glass"/ (Record no. 1163)

MARC details
000 -LEADER
fixed length control field 00444nam a2200157 a 4500
005 - DATE AND TIME OF LATEST TRANSACTION
control field 20260322212049.0
008 - FIXED-LENGTH DATA ELEMENTS--GENERAL INFORMATION
fixed length control field data
010 ## - LIBRARY OF CONGRESS CONTROL NUMBER
LC control number 66-16171
096 ## - LOCALLY ASSIGNED NLM-TYPE CALL NUMBER (OCLC)
Classification number WM 49 Et76 1966
001 - CONTROL NUMBER
control field data
100 1# - MAIN ENTRY--PERSONAL NAME
Personal name Ettleson, Abraham
245 10 - TITLE STATEMENT
Title Lewis Carrol's "Through a looking glass"/
Statement of responsibility, etc. Abraham Ettleson.
260 ## - PUBLICATION, DISTRIBUTION, ETC.
Place of publication, distribution, etc. New York
Name of publisher, distributor, etc. Philosopsophical Library
Date of publication, distribution, etc. c1966
300 ## - PHYSICAL DESCRIPTION
Extent 84 p.
650 #4 - SUBJECT ADDED ENTRY--TOPICAL TERM
Topical term or geographic name entry element Dodgson, Charles Lawidge, 1832-1898. Through the looking glass.
Holdings
Withdrawn status Lost status Damaged status Not for loan Home library Current library Shelving location Date acquired Total checkouts Full call number Barcode Date last seen Price effective from Koha item type
        Franklin Franklin General stacks 22/03/2026   GEN BC0011201 22/03/2026 22/03/2026 Books